Every ATP Tournament won by Alex De Minaur - Statistics

General Stats
  • This quiz has been taken 2 times
  • The average score is 4 of 10
Answer Stats
Year ATP Title % Correct
2023 Acapulco
100%
2024 Acapulco
100%
2025 Washington D.C.
100%
2024 S-Hertongenbosch
50%
2019 Sydney
50%
2021 Antalya
0%
2019 Atlanta
0%
2022 Atlanta
0%
2021 Eastbourne
0%
2019 Zhuhai
0%
No matching quizzes found
Score Distribution
Percent of People with Each Score
Percentile by Number Answered
Your Score History
You have not taken this quiz